| 000 | 00581nab a2200157 4500 | ||
|---|---|---|---|
| 003 | ES-SlBCS | ||
| 005 | 20210327231240.0 | ||
| 008 | 160620s2015 sp ||||| |||| 00| 0 spa d | ||
| 040 |
_aES-SlBCS _bspa |
||
| 100 | 1 |
_aPrada Moraga, María Dolores de _9410959 |
|
| 245 | 1 | 4 |
_aUna aproximación al coste de la dependencia y su financiación _cMaría Dolores de Prada Moraga ; Luis Moisés Borge González |
| 650 | 0 | 5 |
_aDependencia _992476 |
| 700 | 1 |
_aBorge González, Luis _9303208 |
|
| 773 | 0 |
_gNº 177, 2015, págs. 97-118 _tDocumentación Social _wRev166 _x0417-8106 |
|
| 942 |
_2lcc _cAR |
||
| 999 |
_c857896 _d857896 |
||